MARC Record
Leader
003
BE-GnUNI
007
't'u
035
a| (MSK)310010311
084
a| XIII.1955.SAO PAULO.1
245
0
0
a| III Bienal :
b| catalogo geral (tentoonstelling Sao Paulo, Museo de Arte Moderna, juli - oct. 1955).
250
a| Primeira ediçao
260
a| São Paulo :
b| Ediam,
c| 1955.
300
a| 290 :
b| ill.
546
a| Portugees
585
a| III Bienal : Austria
500
a| Tentoonstellingscatalogus
852
4
b| MSK
c| MSK
j| XIII.1955.SAO PAULO.1
920
a| boek
001
000010237
005
20241224121612.0